000 01021 a2200253 4500
005 20260330125707.0
008 260330b |||||||| |||| 00| 0 eng d
020 _a9789326353021 (hbk)
037 _cTB
040 _aCRL
_cCRL
041 _2hin
_ahin
084 _aO152,3N61x Q8
_qCRL
100 _aआरिफ़, मो.
_9860589
245 _aचोर सिपाही
250 _aसंस्करण 2
260 _aनयी दिल्ली, भारत:
_bभारतीय ज्ञानपीठ,
_c2018.
300 _a120पृ.
365 _b180.00
_cINR
490 _aलोकोदय ग्रंथमाला: ग्रंथांक 1250
650 _aहिन्दी कहानी
650 _aहिन्दी साहित्य
942 _cTB
_2CC
_eसंस्करण 2
_hO152,3N61x Q8
999 _c1466667
_d1466667